00401nam a2200145Ia 4500008004100000082002000041100002400061245003000085260002400115300000800139600002400147630003000171700002400201730003000225151018s9999 xx 000 0 und d bRBASDV2015a823 a& Robert D.L.sayor aThe Documents in the case bPenguin Booksc1937 a254 a& Robert D.L.sayor aThe Documents in the case a& Robert D.L.sayor aThe Documents in the case